Biblioteca

2 Samuel (Registro nro. 67848)

Detalles MARC
000 -LÍDER
Campo fijo de descripción fija 02264aam a2200361 i 4500
001 - NÚMERO DE CONTROL
Campo de control 768714001
003 - IDENTIFICADOR DEL NÚMERO DE CONTROL
Campo de control CO-MdFUSB
005 - FECHA Y HORA DE LA ULTIMA TRANSACCIÓN
control field 20220513171716.0
007 - CAMPO FIJO DE DESCRIPCIÓN FIJA--INFORMACIÓN GENERAL
Campo fijo de descripción fija ta
008 - ELEMENTOS DE LONGITUD FIJA -- INFORMACIÓN GENERAL
Campo fijo de descripción fija -- Información general 160907t2015 -us |||| |||| 00| 0 eng d
020 ## - NÚMERO INTERNACIONAL NORMALIZADO PARA LIBROS
Número Internacional Normalizado del libro 9781587432910
040 ## - FUENTE DE CATALOGACIÓN
Agencia que realiza la transcripción CO-MdFUSB
Agencia de catalogación original CO-MdFUSB
Idioma de catalogación spa
Agencia que realiza la modificación CO-MdFUSBC
Convenciones de la descripción rda
041 0# - CÓDIGO DE IDIOMA
Código de idioma para texto/pista de sonido o título separado eng
082 ## - NÚMERO DE CLASIFICACIÓN DECIMAL DEWEY
Número de la edición del Dewey 24
Número de clasificación 220.77
Clave de autor-Numero de item B827b
100 ## - ASIENTO PRINCIPAL--NOMBRE PERSONAL
Nombre personal Barron, Robert,
Término relacionador autor
240 ## - TITULO UNIFORME
Título uniforme <a href="Primera de Samuel">Primera de Samuel</a>
245 10 - TÍTULO
Título del Material 2 Samuel
Mención de responsabilidad, etc. / Roberto Barrón
264 #1 - PRODUCCIÓN, PUBLICACIÓN, DISTRIBUCIÓN, MANUFACTURA, Y COPYRIGHT
Lugar de producción, publicación, distribución, manufactura Grand Rapids, Michigan :
Nombre del productor, publicador, distribuidor Brazos Press,
Fecha de producción, publicación, distribución, manufactura, o copyright [2015]
264 #4 - PRODUCCIÓN, PUBLICACIÓN, DISTRIBUCIÓN, MANUFACTURA, Y COPYRIGHT
Fecha de producción, publicación, distribución, manufactura, o copyright © 2015
300 ## - DESCRIPCIÓN FÍSICA
Extensión xx, 299 páginas
Dimensiones ; 24 cm
336 ## - TIPO DE CONTENIDO
Fuente rdacontent
Término de tipo de contenido texto
Código de tipo de contenido txt
337 ## - TIPO DE MEDIO
Fuente rdamedia
Nombre del tipo de medio sin mediación
Código del tipo de medio n
338 ## - TIPO DE SOPORTE
Fuente rdacarrier
Nombre del tipo de soporte volumen
Código Tipo de soporte nc
490 ## - MENCIÓN DE SERIE
Mención de serie Brazos Theological Comentary on the Bible
501 ## - NOTA DE “CON”
Nota de Contenido Pasta dura
505 ## - NOTA DE CONTENIDO
Nota de contenido con formato preestablecido Prefacio de la serie -- Introducción -- Serie uno : David llega al poder. 2 Samuel 1 -- 2 Samuel 2 -- Serie dos : Sacerdote y rey. 2 Samuel 3 -- 2 Samuel 4 -- 2 Samuel 5 -- 2 Samuel 6 -- 2 Samuel 7 -- 2 Samuel 8 -- 2 Samuel 9 -- 2 Samuel 10 -- Serie tres : David y Betsabé. 2 Samuel 11 -- Serie cuatro : Una espada nunca saldrá de tu casa. 2 Samuel 12 -- 2 Samuel 13 -- 2 Samuel 14 -- 2 Samuel 15 -- 2 Samuel 16 -- 2 Samuel 17 -- 2 Samuel 18 -- 2 Samuel 19 --2 Samuel 20 -- Serie cinco : Hacia el Templo. 2 Samuel 21 -- 2 Samuel 22 -- 2 Samuel 23 - 2 Samuel 24.
520 ## - NOTA DE RESUMEN, ETC.
Nota de sumario, etc. El Comentario teológico de Brazos sobre la Biblia alienta a los lectores a explorar cómo las raíces vitales de la antigua tradición cristiana deberían informar y dar forma a la fidelidad hoy. En esta adición a la serie, el aclamado autor, orador y teólogo Robert Barron ofrece una exégesis teológica de 2 Samuel. Destaca tres temas principales: la trascendencia no competitiva de Dios, el juego entre la causalidad divina y la no divina , y el papel de la realeza del Antiguo Testamento. Al igual que con otros volúmenes de la serie, este libro es ideal para aquellos llamados al ministerio, sirviendo como un rico recurso para predicadores, maestros, estudiantes y grupos de estudio.
563 ## - NOTA DE ENCUADERNACIÓN
Nota de encuadernación Pasta dura
630 #7 - TITULO UNIFORME
Título uniforme Biblia.
Nombre de parte o sección de la obra Samuel, 2°
Subdivisión de materia general Crítica, interpretación, etc.
942 ## - TIPO DE MATERIAL (KOHA)
Tipo de Item KOHA Libros de Referencia
945 ## - INFORMACIÓN LOCAL DEL REGISTRO
Catalogador JTF-925
Existencias
Estado de Material Estado de Perdido Forma de Clasificación Estado de Dañado No para Préstamo Colección Biblioteca de Origen Biblioteca Permanente Fecha de Adquisición Área Total de Préstamos Signatura Topográfica Código de Barras Última vez visto Ejemplar/Existencia Fecha de Remplazo Tipo de Material
    Dewey Decimal Classification     Colección de Referencia Biblioteca FUSBC Biblioteca FUSBC 03/05/2022 BIBLIA   R 220.77 B827b 24845 26/05/2025 Vol. 10, ej. 1 03/05/2022 Libros de Referencia

Biblioteca FUSBC | Teléfono: (57+4) 349 88 10 Ext. 141| WhatsApp (+57) 3005338115 
E-mail: biblioteca@unisbc.edu.co | Calle 76 87-14 Robledo Palenque, Medellín, Colombia

Con tecnología Koha